000 00409nam a2200157Ia 4500
008 221229s9999 xx 000 0 und d
020 _a9789353164812
082 _a670 CHA
100 _aChary, S.N
_914430
245 0 _aProduction and operation management
250 _a6th
260 _aNew Delhi
_bMcGraw Hill
_c2022
300 _aXXIV, 1210p.
_bRs.
650 _aProduction technology
942 _cCPL
999 _c194361
_d194361